000 01279nam a2200289 a 4500
001 000006725
003 OSt
005 20210517095619.0
008 090902s1986 dr a r 000 0 spa d
040 _aDO-SdBNP
_bspa
_cDO-SdBNP
082 4 _a796.334
_bB346f
_222
100 1 _aBauger, Jorge Rolando
_918723
245 1 0 _aFútbol deporte popular /
_cJorge Rolando Bauger.
260 _aSanto Domingo :
_bCorripio,
_c1986.
300 _a236 p. : [12]
_ail. ;
_c22 cm.
500 _aBibliografía : p. 231-232
505 _aPrólogo -- Introducción -- Aspectos sociales y humanos del futbol -- Historia del futbol --Organización del futbol mundial -- Competencias mundiales de futbol -- Campeonato mundial de futbol -- Sistema de juego -- De los mejores jugadores del mundo, los mas destacados -- Entrenadores destacados -- El futbol en República Dominicana -- Juegos deportivos nacionales -- Las reglas del juego.
590 _aInventariado, 2018/BT
650 7 _aFútbol
_918724
_2Lemb
650 7 _aFútbol
_xHistoria
_918725
_2Lemb
650 7 _aFutbolistas
_918726
_2Lemb
650 7 _aCampeonatos de fútbol
_918727
_2Lemb
700 1 _aAcosta Núñez, Félix,
_epról.
_918728
910 _aValidado. Control de calidad. MMOLINA
942 _2ddc
_cLF1
956 _aVMateo
999 _c6514
_d6514